书目信息 |
| 题名: |
筹资与投资分析
|
|
| 作者: | 许晓峰 著 | |
| 分册: | ||
| 出版信息: | 北京 社会科学文献出版社 1998.08 |
|
| 页数: | 563页 | |
| 开本: | 32开 | |
| 丛书名: | ||
| 单 册: | ||
| 中图分类: | F830 | |
| 科图分类: | ||
| 主题词: | 金融 , 银行 | |
| 电子资源: | ||
| ISBN: | 7-80149-012-6 | |
| 000 | 00556nam0 2200205 45 | |
| 001 | 0010211694 | |
| 005 | 20001021164540.1 | |
| 010 | @a7-80149-012-6@d29.80元 | |
| 100 | @a20001021d1998 km y0chiy0120 ea | |
| 101 | 0 | @achi |
| 105 | @a z 000yy | |
| 200 | 1 | @a筹资与投资分析@AChou Zi Yu Tou Zi Fen Xi@f许晓峰著@FXu Xiao Feng Zhu |
| 210 | @a北京@c社会科学文献出版社@d1998.08 | |
| 215 | @a563页@d32开 | |
| 606 | 0 | @a金融 |
| 606 | 0 | @a银行 |
| 690 | @aF830@v3 | |
| 701 | 0 | @a许晓峰@4著 |
| 801 | @aCN@bPftUser@c20001021 | |
| 905 | @b180898-902@dF830@eX256@f5 | |
| 筹资与投资分析/许晓峰著.-北京:社会科学文献出版社,1998.08 |
| 563页;32开 |
| ISBN 7-80149-012-6:29.80元 |
| ● |
| 相关链接 |
|
|
|
正题名:筹资与投资分析
索取号:F830/X256
 
预约/预借
| 序号 | 登录号 | 条形码 | 馆藏地/架位号 | 状态 | 备注 |
| 1 | 180898 | 201808981 | 社科库409/504自科库 42排6列4层/ [索取号:F830/X256] | 在馆 | |
| 2 | 180899 | 201808990 | 社科库409/409社科库 50排6列1层/ [索取号:F830/X256] | 在馆 | |
| 3 | 180901 | 201809016 | 社科库409/409社科库 50排6列1层/ [索取号:F830/X256] | 在馆 | |
| 4 | 180902 | 201809025 | 期刊室512/409社科库 101排7列3层/ [索取号:F830/X256] | 在馆 |